|
|
|
|
| LEADER |
00000nam0a2200000 4500 |
| 001 |
63390 |
| 005 |
20260217160021.0 |
| 010 |
|
|
|a 5824304556
|
| 035 |
|
|
|a (RuTPU)RU\TPU\book\67279
|
| 090 |
|
|
|a 63390
|
| 100 |
|
|
|a 20040511d2004 k y0rusy50 ca
|
| 101 |
0 |
|
|a rus
|
| 102 |
|
|
|a RU
|
| 105 |
|
|
|a y z 001zy
|
| 200 |
1 |
|
|a Окраины российской империи: государственное управление и национальная политика в годы Первой мировой войны (1914-1917 гг.)
|f А. Ю. Бахтурина
|
| 210 |
|
|
|a Москва
|c Росспэн
|d 2004
|
| 215 |
|
|
|a 389 с.
|
| 320 |
|
|
|a Именной указатель: с. 369-387
|
| 606 |
|
|
|a Государственная власть и управление в России
|x История
|z 1914-февраль 1917
|9 82058
|
| 610 |
1 |
|
|a 20 век
|
| 610 |
1 |
|
|a национальная политика
|
| 610 |
1 |
|
|a Первая мировая война
|
| 610 |
1 |
|
|a Царство Польское
|
| 610 |
1 |
|
|a Прибалтийские губернии
|
| 686 |
|
|
|a Т3(2)534
|2 rubbk
|
| 700 |
|
1 |
|a Бахтурина
|b А. Ю.
|g Александра Юрьевна
|
| 801 |
|
1 |
|a RU
|b 63413507
|c 20040511
|g PSBO
|
| 801 |
|
2 |
|a RU
|b 63413507
|c 20121114
|g PSBO
|
| 942 |
|
|
|c BK
|